书目信息 |
| 题名: |
中国小说史略
|
|
| 作者: | 鲁迅 著 | |
| 分册: | ||
| 出版信息: | 苏州 古吴轩出版社 2017 |
|
| 页数: | 238页 | |
| 开本: | 23cm | |
| 丛书名: | ||
| 单 册: | ||
| 中图分类: | I210.91 | |
| 科图分类: | ||
| 主题词: | 鲁迅著作--小说史--中国 | |
| 电子资源: | ||
| ISBN: | 978-7-5546-0945-3 | |
| 000 | 00847nam0 2200241 450 | |
| 001 | 012001004644 | |
| 005 | 20140928162350.0 | |
| 010 | @a978-7-5546-0945-3@b精装@dCNY50.00 | |
| 100 | @a20171116d2017 em y0chiy50 ea | |
| 101 | 0 | @achi |
| 102 | @aCN@b320000 | |
| 105 | @ay z 000yy | |
| 106 | @ar | |
| 200 | 1 | @a中国小说史略@9zhong guo xiao shuo shi lue@f鲁迅著 |
| 210 | @a苏州@c古吴轩出版社@d2017 | |
| 215 | @a238页@d23cm | |
| 300 | @a鸿儒国学讲堂 | |
| 330 | @a本书作为中国第一部小说专史,描绘了一条脉络清晰的数千年中国小说“进行的线索”,是二十世纪一部具有里程碑意义的学术著作。是中国小说史研究的开山之作,以现代眼光研究古典小说,以美学视角观照文学作品。 | |
| 606 | 0 | @a鲁迅著作@x小说史@y中国 |
| 690 | @aI210.91@v5 | |
| 701 | 0 | @a鲁迅@9lu xun@f(1881-1936)@4著 |
| 801 | 0 | @aCN@b上海新华@c20180901 |
| 905 | @b1166665-9@dI210.91@e343@f5 | |
| 中国小说史略/鲁迅著.-苏州:古吴轩出版社,2017 |
| 238页;23cm |
| 鸿儒国学讲堂 |
| ISBN 978-7-5546-0945-3(精装):CNY50.00 |
| 本书作为中国第一部小说专史,描绘了一条脉络清晰的数千年中国小说“进行的线索”,是二十世纪一部具有里程碑意义的学术著作。是中国小说史研究的开山之作,以现代眼光研究古典小说,以美学视角观照文学作品。 |
| ● |
| 相关链接 |
|
|
|
|
正题名:中国小说史略
索取号:I210.91/343
 
预约/预借
| 序号 | 登录号 | 条形码 | 馆藏地/架位号 | 状态 | 备注 |
| 1 | 1166665 | 211666650 | 第一样本阅览室/ [索取号:I210.91/343] | 在馆 | |
| 2 | 1166666 | 211666669 | 第二借阅区/ [索取号:I210.91/343] | 在馆 | |
| 3 | 1166667 | 211666678 | 密集书库-文学院/ [索取号:I210.91/343] | 在馆 | |
| 4 | 1166668 | 211666687 | 第二借阅区/ [索取号:I210.91/343] | 在馆 | |
| 5 | 1166669 | 211666696 | 第二借阅区/ [索取号:I210.91/343] | 在馆 |